[Event "45th FIDE Chess Olympiad - Women's Sect"]
[Site "Budapest, Hungary"]
[Date "2024.09.12"]
[Round "2.124"]
[White "Helgadottir, Idunn"]
[Black "Terbe, Zsuzsanna"]
[Result "0-1"]
[WhiteElo "1837"]
[BlackElo "2168"]
[PlyCount "120"]
[EventDate "2024.??.??"]
[WhiteTeam "Iceland"]
[BlackTeam "Hungary B"]
[WhiteTeamCountry "ISL"]
[WhiteClock "0:00:39"]
[BlackClock "0:02:26"]

1. d4 d5 2. c4 e6 3. Nc3 c6 4. Nf3 Nf6 5. cxd5 exd5 6. Bg5 Be7 7. e3 Bf5 8. Bd3 Bxd3 9. Qxd3 Nbd7 10. O-O O-O 11. a3 a5 12. Rab1 Ne4 13. Bxe7 Qxe7 14. Qc2 ({RR} 14. b4 b5 15. Qc2 axb4 16. axb4 Nd6 17. Rb3 Nb6 18. Ne5 Rfc8 19. Nd3 Nbc4 20. Nc5 Re8 21. h3 g6 22. Rc1 Ra7 23. Qd1 h5 24. Kh1 Qg5 25. Rbb1 Rae7 26. Ra1 Nf5 27. Ra2 Ncxe3 28. fxe3 Rxe3 {Nikolic,P (2635)-Kramnik,V (2790) Monte Carlo 1998 0-1 (35)}) ({RR} 14. Nd2 f5 15. Rfe1 Nd6 16. f3 Nf6 17. Re2 Qf7 18. Rf1 Qg6 19. Qb1 Rae8 20. Qe1 Qh6 21. b4 axb4 22. axb4 b5 23. e4 fxe4 24. fxe4 dxe4 25. Ncxe4 Ndxe4 26. Nxe4 Nd5 27. Rxf8+ Rxf8 28. Nc5 Qf6 {Guerrero Orihuela,J (1986)-Prudhvi,K (2129) San Cristobal de La Laguna ESP 2024 0-1 (37)}) 14... Nd6 15. Nd2 $146 ({RR} 15. Na4 Rfe8 16. Nc5 Nxc5 17. Qxc5 Qe6 18. b4 Nc4 19. b5 Rac8 20. bxc6 Rxc6 21. Qa7 Nxa3 22. Rxb7 Ra6 23. Qc5 Nc4 24. Ng5 Qf5 25. Nxf7 Rg6 26. g3 Nd2 27. Nd6 Rxd6 28. Qxd6 Nxf1 29. Kxf1 Rf8 {Machidon,C (2278)-Tang,A (2539) Chess.com INT 2022 ½-½ (72)}) ({RR} 15. Rbe1 f5 16. Nd2 g5 17. Na4 Rf6 18. Nc5 g4 19. Nxd7 Qxd7 20. f3 Raf8 21. fxg4 fxg4 22. Rxf6 Rxf6 23. Qd1 h5 24. e4 dxe4 25. Nxe4 Nxe4 26. Rxe4 Qf5 27. Qe2 Kf7 28. Qc4+ Kf8 29. Qc5+ Qxc5 {Kadar,J-Manole,V (2280) Romania 1994 0-1 (56)}) 15... Rfe8 16. b4 axb4 17. axb4 b5 18. Ra1 Nb6 19. Nb3 Nbc4 20. Qe2 Nf5 21. Nc5 g6 22. Qd3 Nh4 23. Ne2 Nf5 24. Nf4 Nfd6 25. Rfe1 Ne4 26. Nxe4 dxe4 27. Qc3 Qd6 28. Red1 Red8 29. h4 h5 30. Qc2 Qe7 31. Rxa8 Rxa8 32. g3 Kh7 33. d5 cxd5 34. Nxd5 Qe5 35. Qxe4 Qxe4 36. Nf6+ Kg7 37. Nxe4 Ra4 38. Rb1 Na3 39. Rb2 Nc4 40. Rb3 Ra1+ 41. Kg2 Rc1 42. Nc5 Rc2 43. e4 Ne5 44. Kf1 Rc1+ 45. Ke2 Rc4 46. Ke3 Ng4+ 47. Kf3 Ne5+ 48. Kf4 f6 49. Nb7 Rd4 50. Nc5 Rc4 51. f3 Nc6 52. Na6 Nd4 53. Rd3 Kf7 54. g4 hxg4 55. fxg4 Nc6 56. Rb3 Nd4 57. Rd3 Nc6 58. Rb3 Nd4 59. Rb2 Rc3 60. Nc5 Rf3# 0-1

[Event "45th FIDE Chess Olympiad - Women's Sect"]
[Site "Budapest, Hungary"]
[Date "2024.09.12"]
[Round "2.133"]
[White "Paulo, Jemima"]
[Black "Khamdamova, Afruza"]
[Result "0-1"]
[WhiteElo "2037"]
[BlackElo "2313"]
[PlyCount "73"]
[EventDate "2024.??.??"]
[WhiteTeam "Angola"]
[BlackTeam "Uzbekistan"]
[WhiteTeamCountry "ANG"]
[BlackTeamCountry "UZB"]
[WhiteClock "0:30:30"]
[BlackClock "0:15:57"]

1. c4 {Kramnik,Vladimir} e6 2. Nc3 d5 3. d4 Nf6 4. Nf3 Be7 5. Bg5 h6 6. Bh4 O-O 7. e3 b6 8. Bd3 dxc4 ({RR} 8... Bb7 9. O-O Nbd7 10. Qe2 c5) 9. Bxc4 Bb7 10. O-O a6 11. Qe2 Nbd7 12. Rfd1 ({RR} 12. a4 Ne4 ({RR} 12... Nd5 13. Bxd5 exd5 14. Bxe7 Qxe7 15. a5) 13. Nxe4 Bxh4 14. Nc3 Be7 15. Rfd1 c6) 12... b5 ({RR} 12... Nd5 13. Bg3 ({RR} 13. Bxd5 exd5 14. Bxe7 Qxe7 15. a3) ({RR} 13. Nxd5 exd5 14. Bxe7 Qxe7 15. Bd3 ({RR} 15. Bb3 Nf6 16. Rac1 c5) 15... c5) 13... Nxc3 14. bxc3 Bd6 ({RR} 14... Nf6 15. Bd3 Ne4 16. Qc2 Nxg3 17. hxg3 Qd5 18. a4) 15. e4 ({RR} 15. a4 Bxg3 ({RR} 15... Qe7 16. e4) 16. hxg3 c5 ({RR} 16... Nf6 17. Bd3 Qe7 18. e4) 17. e4) 15... Bxg3 16. hxg3 b5 ({RR} 16... Qe7 17. a4) 17. Bd3 Nb6 ({RR} 17... c5 18. a4) 18. Qe3 ({RR} 18. Bc2 Qe7 19. a4 Nxa4 20. Bxa4 bxa4 21. Rxa4 c5) ({RR} 18. Rac1 Qe7 19. c4 bxc4 20. Bxc4 c5 21. dxc5 Nd7) 18... Na4 ({RR} 18... Qe7 19. Ne5 ({RR} 19. g4)) 19. Bc2 Nb2 20. Rdb1 ({RR} 20. Re1 Nc4 21. Qe2 c5) 20... Nc4 21. Qc1 c5 ({RR} 21... f5 22. exf5 ({RR} 22. Nd2 Nxd2 23. Qxd2 Bxe4) 22... exf5 23. a4 f4) 22. a4 cxd4 23. cxd4 Rc8 ({RR} 23... Qd7 24. Bd3 Rfc8 25. Qe1 Nd6 26. g4) 24. axb5 axb5 25. Qe1 ({RR} 25. Rxb5 Nd6 26. Rc5 Bxe4) 25... Bc6 26. Rb4 ({RR} 26. Bd3 Ra8 27. Rc1 Rxa1 28. Rxa1 Qb6 29. Rc1 Ra8) 26... Ra8 27. Rd1 {Kramnik,V (2784)-Andreikin,D (2716) Tromsoe 2013 CBM 156 [Kramnik,Vladimir] 1-0 (63)}) 13. Bd3 ({RR} 13. Bb3 Ne4 14. Nxe4 Bxh4 15. d5 e5 16. a4 bxa4 17. Bxa4 f5 18. Bxd7 fxe4 19. Be6+ Kh8 20. Nxh4 Qxh4 21. Rac1 a5 22. Rxc7 Ba6 23. Qd2 Bd3 24. Rdc1 Kh7 25. Rc8 Raxc8 26. Rxc8 Rf6 27. h3 Qh5 {Schneider,S (2372)-Glimbrant,T (2133) Sweden SWE 2023 1-0 (41)}) 13... Qe8 ({RR} 13... Rc8 14. a4 b4 15. Nb1 a5 16. Nbd2 c5 17. Bb5) 14. Rac1 ({RR} 14. a4 b4 15. Nb1 c5 16. Nbd2 cxd4 17. Nxd4 Nc5) 14... c5 15. dxc5 $146 ({RR} 15. Bxf6 Bxf6 16. b3 cxd4 {½-½ (16) Bulski,K (2416)-Haba,P (2542) Karvina 2010}) ({RR} 15. Bxf6 Bxf6 16. Be4 Qb8 17. Bxb7 Qxb7 18. dxc5 Nxc5 19. Nd5 Ne4 20. Rc7 Qb8 21. Nxf6+ Nxf6 22. Rdc1 Nd5 23. R7c5 Qb7 24. Qc2 Nb6 25. Rc7 Qd5 26. Qc6 Qxc6 27. R7xc6 Rfc8 28. Kf1 Nc4 29. Rxc8+ Rxc8 {Tkachiev,V (2657)-Riazantsev,A (2635) Dagomys 2009 ½-½ (45)}) ({RR} 15. Bxf6 Bxf6 16. Ne4 c4 17. Nxf6+ Nxf6 18. Bb1 Qe7 19. Ne5 Rac8 20. Qd2 Rc7 21. b3 Rfc8 22. bxc4 bxc4 23. Qa5 Nd5 24. a3 c3 25. Rc2 Qg5 26. Nf3 Qd8 27. Rdc1 Qd6 28. Ne5 f6 29. Nd3 e5 {Brynell,S (2484)-Akesson,R (2466) Gothenburg 2005 1-0 (46)}) 15... Nxc5 16. Bxf6 Nxd3 17. Rxd3 Bxf6 18. e4 b4 19. Nd1 Qb5 20. Rd2 Qxe2 21. Rxe2 Rac8 22. Rxc8 Rxc8 23. Kf1 g5 24. Ke1 Rc1 25. Kd2 Ra1 26. Ne1 Rxa2 27. Kc2 Ra1 28. f3 Bc6 29. e5 Bg7 30. Nf2 a5 31. Ned3 Rg1 32. Ng4 Bf8 33. Rd2 a4 34. Ne3 Bb5 35. h3 Kg7 36. h4 gxh4 37. Nf4 0-1

[Event "45th FIDE Chess Olympiad - Women's Sect"]
[Site "Budapest, Hungary"]
[Date "2024.09.12"]
[Round "2.134"]
[White "Yakubbaeva, Nilufar"]
[Black "Caxita, Esperanca"]
[Result "0-1"]
[WhiteElo "2248"]
[BlackElo "1932"]
[PlyCount "80"]
[EventDate "2024.??.??"]
[WhiteTeam "Uzbekistan"]
[BlackTeam "Angola"]
[WhiteTeamCountry "UZB"]
[BlackTeamCountry "ANG"]
[WhiteClock "0:02:24"]
[BlackClock "0:03:14"]

1. e4 d5 2. exd5 Qxd5 3. Nc3 Qd6 4. d4 Nf6 5. Nf3 a6 6. g3 Bg4 7. h3 Bh5 8. Bg2 Nc6 9. d5 Ne5 10. Bf4 Bxf3 11. Bxf3 Nxf3+ 12. Qxf3 e5 13. Qe2 $146 ({RR} 13. Bg5 h6 14. Bxf6 Qxf6 15. Qxf6 gxf6 16. O-O-O Bb4 17. Ne4 f5 18. Nd2 Bxd2+ 19. Rxd2 Ke7 20. Re1 Kd6 21. Re3 Rhg8 22. c4 b6 23. b4 e4 24. Rc3 a5 25. c5+ Kd7 26. cxb6 cxb6 27. b5 Rg6 {Bulmaga,I (2424)-Castellano,C (2166) Ho Chi Minh City 2019 1-0 (68)}) ({RR} 13. dxe6 Qxe6+ 14. Be3 O-O-O 15. h4 Bc5 16. O-O Bxe3 17. fxe3 h5 18. Rae1 Rd2 19. Re2 Rhd8 20. e4 Ng4 21. Rxd2 Rxd2 22. Nd5 Qe5 23. Qf4 Qd4+ 24. Kh1 Rh2# {0-1 (24) Schiszler,E-Smirnov,A (2136) chess.com INT 2024}) ({RR} 13. Bg5 Be7 14. O-O O-O-O 15. Rad1 Kb8 16. Rfe1 h6 17. Bxf6 Qxf6 18. Qxf6 Bxf6 19. Ne4 Be7 20. g4 h5 21. g5 f6 22. h4 Rhf8 23. Kg2 b5 24. a3 Rd7 25. Rd3 f5 26. Ng3 e4 27. Rdd1 g6 {Ozalp,B (2183)-Smirnov,A (2136) chess.com INT 2023 0-1 (44)}) 13... Nd7 14. O-O-O Be7 15. Be3 O-O-O 16. g4 h6 17. Ne4 Qb4 18. f3 Nb6 19. a3 Qc4 20. Qxc4 Nxc4 21. Bf2 g6 22. Rd3 f5 23. Nc5 Bg5+ 24. Kb1 Nd2+ 25. Ka2 e4 26. fxe4 fxe4 27. Rd4 e3 28. Bg3 Rhe8 29. h4 Bf6 30. Rd3 Nc4 31. b3 Nb2 32. Ne6 Nxd3 33. Nxd8 Rxd8 34. cxd3 Rxd5 35. Rf1 Bc3 36. Rf8+ Rd8 37. Rf7 Rxd3 38. Rxc7+ Kd8 39. Rc4 e2 40. Bf2 Rf3 0-1

[Event "45th FIDE Chess Olympiad - Women's Sect"]
[Site "Budapest, Hungary"]
[Date "2024.09.12"]
[Round "2.139"]
[White "Stanford, Sheila Barth"]
[Black "Yepez Montenegro, Gloria Luz"]
[Result "1-0"]
[WhiteElo "2175"]
[BlackElo "1818"]
[PlyCount "83"]
[EventDate "2024.??.??"]
[WhiteTeam "Norway"]
[BlackTeam "Bolivia"]
[WhiteTeamCountry "NOR"]
[BlackTeamCountry "BOL"]
[WhiteClock "0:04:57"]
[BlackClock "0:00:55"]

1. e4 e6 2. d4 d5 3. e5 c5 4. c3 Nc6 5. Nf3 Bd7 6. Bd3 cxd4 7. O-O dxc3 8. Nxc3 a6 ({RR} 8... Nge7 9. Bg5 Qb8 10. Re1 Ng6 11. Rc1 h6 12. Be3 Ngxe5 13. Nxe5 Nxe5 14. Bb5 Bd6 15. Bd4 Nc6 16. Nxd5 Kf8 17. Nc3 Nxd4 18. Qxd4 Bxb5 19. Nxb5 Bxh2+ 20. Kh1 a6 21. Qc5+ Kg8 22. Nc7 Bxc7 23. Qxc7 {Mamedov,R (2656)-Rapport,R (2763) Baku 2021 0-1 (45)}) 9. Be3 Nge7 10. Bc5 $146 ({RR} 10. Na4 Ng6 11. Nb6 Rb8 12. Bxg6 hxg6 13. a3 Be7 14. Rc1 O-O 15. b4 f6 16. Nxd7 Qxd7 17. Qd3 fxe5 18. Qxg6 Rf6 19. Qg4 Rbf8 20. Bg5 Rf5 21. Bxe7 Qxe7 22. h4 Rf4 23. Qh5 Qf7 24. Qxf7+ R8xf7 {Vajic,G (2302)-Shipov,S (2541) chess.com INT 2022 0-1}) ({RR} 10. h4 Ng6 11. Re1 Nxh4 12. Ng5 Ng6 13. Nxd5 exd5 14. e6 Bxe6 15. Qh5 Qf6 16. Nxe6 fxe6 17. Bg5 Qf7 18. Bxg6 hxg6 19. Qxh8 Kd7 20. Rad1 Re8 21. Qh3 Kc7 22. Bh4 e5 23. Qb3 Bc5 24. Rxd5 Rf8 {Kanyamarala,T (2284)-Mekhitarian,K (2554) chess.com INT 2024 1-0}) ({RR} 10. Na4 Ng6 11. Bb6 Qb8 12. Bxg6 hxg6 13. Rc1 Be7 14. Re1 a5 15. Nc5 Rh5 16. Nxd7 Kxd7 17. Qa4 Ra6 18. Qb5 Bd8 19. Be3 Bc7 20. Rc5 Bxe5 21. Rec1 Bxh2+ 22. Kf1 Bd6 23. Nd4 Bxc5 24. Rxc5 Qc7 {Torres Marques,S (1905)-Bakshi,R (2084) Sitges 2022 0-1}) 10... Ng6 11. Bxf8 Nxf8 12. Re1 Ng6 13. g3 O-O 14. h4 f6 15. Bxg6 hxg6 16. Qd2 Qb6 17. Na4 Qa7 18. Rac1 fxe5 19. Ng5 e4 20. Nc5 Rad8 21. Qe3 Bc8 22. Ncxe6 Bxe6 23. Qxa7 Nxa7 24. Nxe6 Nc6 25. Nxd8 Rxd8 26. Re3 Rf8 27. Rc5 Rd8 28. f3 exf3 29. Rxf3 Ne5 30. Re3 Nc6 31. Kf2 Kf7 32. Ke1 Kf6 33. Kd2 Ne5 34. b3 Nc6 35. Rc1 g5 36. Rf1+ Kg6 37. Re6+ Kh7 38. hxg5 Nd4 39. Re7 Kg6 40. Rxb7 Ne6 41. Rb6 Re8 42. Re1 1-0

[Event "45th FIDE Chess Olympiad - Women's Sect"]
[Site "Budapest, Hungary"]
[Date "2024.09.12"]
[Round "2.140"]
[White "Gareca Ordonez, Carla Angelica"]
[Black "Machlik, Monika"]
[Result "0-1"]
[WhiteElo "1778"]
[BlackElo "2109"]
[PlyCount "66"]
[EventDate "2024.??.??"]
[WhiteTeam "Bolivia"]
[BlackTeam "Norway"]
[WhiteTeamCountry "BOL"]
[BlackTeamCountry "NOR"]
[WhiteClock "0:01:04"]
[BlackClock "0:31:16"]

1. Nf3 Nf6 2. g3 b5 3. Bg2 Bb7 4. b3 e6 5. Bb2 c5 6. O-O Be7 7. d3 ({RR} 7. c4 bxc4 8. bxc4 d6 9. d3 O-O 10. Nbd2 Nc6 11. Rb1 Rb8 12. Bc3 Ba8 13. Qa4 Nd7 14. Rxb8 Qxb8 15. Rb1 Qc7 16. Qa3 Rb8 17. Rb5 Rb6 18. Nb3 a6 19. Rxb6 Qxb6 20. Nfd2 Bf6 21. Bxf6 Nxf6 {Vajdic,N (2204)-Ignat,M (2099) Paracin SRB 2024 ½-½ (43)}) 7... d5 8. Nbd2 O-O 9. Re1 $146 ({RR} 9. c4 a6 10. a3 Qb6 11. Qc2 Nc6 12. Ne5 Rac8 13. Ndf3 Rfd8 14. Nxc6 Bxc6 15. Ne5 Bb7 16. a4 bxc4 17. bxc4 d4 18. Bxb7 Qxb7 19. Rfb1 Qc7 20. Nf3 e5 21. Bc1 Nd7 22. Bd2 h6 23. Rb3 Qc6 {Sarabun,M-Vasilevich,T (2326) Alushta 2022 0-1 (36)}) ({RR} 9. a4 a6 10. axb5 axb5 11. Rxa8 Bxa8 12. Re1 Nc6 13. Ne5 Nxe5 14. Bxe5 Nd7 15. Bb2 Bc6 16. Qa1 {½-½ (16) Ruzicka,P (2286)-Kantorik,M (2341) Tatranske Zruby 2008}) 9... Nc6 10. c4 a6 11. Rc1 Qb6 12. cxd5 Nxd5 13. Ne4 Rac8 14. e3 Rfd8 15. Nfg5 h6 16. Nxf7 Kxf7 17. Qh5+ Kg8 18. Qg6 e5 19. Nxc5 Bf6 20. Be4 Nce7 21. Qh7+ Kf7 22. Nxb7 Qxb7 23. Bg2 Rxc1 24. Rxc1 Rc8 25. Re1 Qd7 26. d4 Ng6 27. Be4 Nde7 28. dxe5 Rh8 29. e6+ Qxe6 30. Qxh8 Nxh8 31. Bxf6 Qxe4 32. Bd4 Nc6 33. Bc5 Ne5 0-1

[Event "45th FIDE Chess Olympiad - Women's Sect"]
[Site "Budapest, Hungary"]
[Date "2024.09.12"]
[Round "2.145"]
[White "Alinasab, Mobina"]
[Black "Ortez, Andrea"]
[Result "1-0"]
[WhiteElo "2336"]
[BlackElo "1948"]
[PlyCount "63"]
[EventDate "2024.??.??"]
[WhiteTeam "Iran"]
[BlackTeam "El Salvador"]
[WhiteTeamCountry "IRI"]
[BlackTeamCountry "ESA"]
[WhiteClock "0:16:42"]
[BlackClock "0:00:37"]

1. e4 {ChessBase} c5 2. Nf3 Nc6 3. Bb5 g6 4. Bxc6 dxc6 5. d3 Bg7 6. h3 Nf6 7. Nc3 Nd7 8. Be3 e5 9. Qd2 h6 10. O-O Qe7 11. Nh2 Nf8 12. f4 exf4 13. Bxf4 Ne6 14. Bg3 Nd4 ({RR} 14... Qg5 15. Qe1 Nd4 16. Qf2 O-O 17. Bd6 Bxh3 18. Bf4 Qxg2+ 19. Qxg2 Bxg2 20. Kxg2 Nxc2 21. Rad1 Rad8 22. Ng4 h5 23. Nf2 Rfe8 24. Ne2 Be5 25. Bc1 b6 26. a3 a5 27. a4 Rd7 28. b3 Na1 29. Be3 {Shirov,A (2713)-Van Wely,L (2679) Monte Carlo 2005 CBM 105 Extra [ChessBase] 1-0 (58)}) 15. Rae1 h5 ({RR} 15... O-O 16. Nd1 b6 17. c3 Ne6 18. e5 Ba6 19. Ng4 Qg5 20. Re3 Rad8 21. Ndf2 Bxd3 22. Nxd3 c4 23. Qf2 Rxd3 24. Rxd3 cxd3 25. Bh4 Qf5 26. Qe3 Qh5 27. Nf6+ Bxf6 28. Bxf6 g5 29. Qxd3 Qg6 30. Qxg6+ {Levi,N (2152)-Djurovic,P (2292) Cetinje MNE 2024 ½-½ (49)}) 16. Nd5 $146 ({RR} 16. e5 Bf5 17. Nf3 O-O-O 18. Ne4 Bxe4 19. Rxe4 Nf5 20. Bf2 b6 21. a3 f6 22. e6 Nd6 23. Re2 Nc4 24. Qc3 Ne5 25. Bg3 Rhf8 26. Nxe5 fxe5 27. Rxf8 Rxf8 28. Bxe5 Qxe6 29. Re4 Bxe5 30. Rxe5 Qf7 {Fargere,F (2407)-Barros Rivadeneira,C (2273) Havana 2014 ½-½ (41)}) 16... cxd5 17. exd5 Ne6 18. dxe6 Bxe6 19. Be5 Bh6 20. Bf4 Bg7 21. Nf3 Qd7 22. Be5 Bh6 23. Qc3 O-O 24. Qxc5 Rac8 25. Qf2 Rfe8 26. a3 b5 27. Bc3 a6 28. Qh4 Qd8 29. Qf2 Qc7 30. Kh1 Qd6 31. Nd2 Bd7 32. Qxf7# 1-0

[Event "45th FIDE Chess Olympiad - Women's Sect"]
[Site "Budapest, Hungary"]
[Date "2024.09.12"]
[Round "2.147"]
[White "Karimi, Setayesh"]
[Black "Zavala Galindo, Alejandra Beatriz"]
[Result "1-0"]
[WhiteElo "2105"]
[BlackElo "1870"]
[PlyCount "83"]
[EventDate "2024.??.??"]
[WhiteTeam "Iran"]
[BlackTeam "El Salvador"]
[WhiteTeamCountry "IRI"]
[BlackTeamCountry "ESA"]
[WhiteClock "0:31:31"]
[BlackClock "0:01:07"]

1. d4 Nf6 2. c4 c5 3. d5 d6 4. Nc3 e6 5. e4 exd5 6. cxd5 g6 7. f4 Bg7 8. Bb5+ Nfd7 9. a4 O-O 10. Nf3 Na6 11. O-O Nb4 12. Be3 a6 13. Be2 Re8 ({RR} 13... Bh6 14. Qd2 Nf6 15. Ng5 Re8 16. Bf3 Bg4 17. f5 Bxf3 18. Rxf3 Ng4 19. Bf4 Nc2 20. fxg6 fxg6 21. Nf7 Kxf7 22. Bxh6+ Kg8 23. Bg5 Qb6 24. Qxc2 c4+ 25. Kh1 Rf8 26. Raf1 h6 27. Bc1 Ne5 28. Rxf8+ {Hakobyan,A (2616)-Alonso Rosell,A (2562) chess.com INT 2024 1-0 (45)}) 14. Bf2 Qc7 ({RR} 14... f5 15. e5 dxe5 16. d6 exf4 17. Re1 h6 18. Nd5 Re4 19. Nd2 Nxd5 20. Nxe4 Ne3 21. Bxe3 fxe3 22. Qd5+ Kh7 23. Nxc5 Nf6 24. Qe5 Ne4 25. Qe7 Qxd6 26. Qxd6 Nxd6 27. Red1 Bf8 28. a5 Kg7 29. Kf1 {LCZero 0.30-dag-bord-lf_78496 (3589)-rofChade 3.0 (3486) tcec-chess.com INT 2022 ½-½ (76)}) 15. Nd2 $146 ({RR} 15. a5 f5 16. e5 dxe5 17. d6 Qc6 18. Bc4+ Kh8 19. Ng5 Bf6 20. Nf7+ Kg7 21. Nd5 Nxd5 22. Bxd5 Qb5 23. fxe5 Nxe5 24. Nxe5 Bxe5 25. Bb3 Rd8 26. Ba4 Qb4 27. d7 b5 28. Qd5 Qf4 29. g3 Qe4 {Kalyapin,A (1865)-Vavulin,M (2227) Moscow 2012 ½-½ (63)}) ({RR} 15. Bg3 Nf6 16. Nd2 c4 17. Rc1 b5 18. Kh1 Bd7 19. axb5 axb5 20. b3 Na2 21. Nxa2 Rxa2 22. Rc2 Rxc2 23. Qxc2 c3 24. Bf3 Rc8 25. Nb1 b4 26. Rd1 Ng4 27. Bxg4 Bxg4 28. Re1 Qc5 29. h3 Bd7 {Fuchs,O-Ranft,S (2118) Goerlitz 1999 0-1 (36)}) ({RR} 15. Bg3 c4 16. Kh1 Nc5 17. e5 Ncd3 18. Ne4 Nxb2 19. Qd4 N2d3 20. Bxd3 Nxd3 21. Nxd6 Qxd6 22. exd6 Bxd4 23. Nxd4 Bd7 24. f5 Re4 25. fxg6 hxg6 26. Nf3 Re2 27. Ng5 f5 28. Nh3 Rae8 29. Nf4 Nxf4 {Azali,T (2099)-Kubicka,A (2284) chess.com INT 2023 0-1 (46)}) 15... Rb8 16. Nc4 Nb6 17. Nd2 Nd7 18. Re1 Nf8 19. Nc4 b6 20. e5 dxe5 21. fxe5 Bf5 22. Bg3 Qd8 23. Nd6 Bc2 24. Qd2 Rxe5 25. Bxe5 Bxe5 26. Nc4 Bd4+ 27. Kh1 Bf5 28. Rf1 Nxd5 29. Nxd5 Qxd5 30. Ne3 Qe5 31. Nxf5 gxf5 32. Bd3 Be3 33. Qc2 f4 34. Bxa6 Re8 35. Bc4 Ne6 36. Qb3 Rb8 37. Rad1 Kf8 38. Rd5 Qc7 39. Rh5 Nd4 40. Qd3 Ke7 41. Qe4+ Kf8 42. Rxh7 1-0

[Event "45th FIDE Chess Olympiad - Women's Sect"]
[Site "Budapest, Hungary"]
[Date "2024.09.12"]
[Round "2.151"]
[White "Acevedo Mendez, Jennifer"]
[Black "Blokhin, Sofia"]
[Result "0-1"]
[WhiteElo "1836"]
[BlackElo "2036"]
[PlyCount "88"]
[EventDate "2024.??.??"]
[WhiteTeam "Costa Rica"]
[BlackTeam "Estonia"]
[WhiteTeamCountry "CRI"]
[BlackTeamCountry "EST"]
[WhiteClock "0:20:12"]
[BlackClock "0:30:37"]

1. e4 c5 2. Nf3 e6 3. d4 cxd4 4. Nxd4 a6 5. c4 Nf6 6. Nc3 Bb4 7. Qd3 Qc7 8. a3 Bxc3+ 9. Qxc3 O-O ({RR} 9... Nxe4 10. Nb5 axb5 11. Qxg7 Rf8 12. Bh6 Qc5 13. f3 b4 14. fxe4 Nc6 15. Qxf8+ Qxf8 16. Bxf8 Kxf8 17. Bd3 bxa3 18. Rxa3 Rxa3 19. bxa3 d6 20. Kd2 Ne5 21. Be2 Bd7 22. Ke3 Bc6 23. Rc1 Nd7 24. h4 {Nepomniachtchi,I (2730)-Svidler,P (2753) Dubai 2014 1-0 (31)}) 10. Bd3 ({RR} 10. f3 d5 11. Bg5 Nbd7 12. exd5 exd5 13. O-O-O dxc4 14. Bxc4 Kh8 15. Bb3 Qxc3+ 16. bxc3 b5 17. Rhe1 Nc5 18. Bxf6 gxf6 19. Re7 Nxb3+ 20. Nxb3 Be6 21. Nc5 Bc4 22. Nd7 Rg8 23. g3 Rge8 24. Rde1 Rxe7 {Alexandri,D (2008)-Blokhin,S (2052) Prague CZE 2024 ½-½ (44)}) 10... Nc6 ({RR} 10... d5 11. exd5 exd5 12. O-O dxc4 13. Qxc4 Qxc4 14. Bxc4 b5 15. Ba2 Bb7 16. Bg5 Nbd7 17. Rad1 h6 18. Bh4 Rac8 19. Rfe1 Be4 20. f3 Bg6 21. Rd2 Nb6 22. f4 Rfd8 23. b3 Rd6 24. f5 Bxf5 25. Bg3 {Eric,J (2181)-Hu,J (2139) Belgrade SRB 2024 ½-½ (44)}) 11. O-O Ne5 $146 ({RR} 11... d6 12. Bg5 Nd7 13. Nxc6 bxc6 14. f4 a5 15. Rf3 f6 16. Bh4 e5 17. f5 Bb7 18. Bf2 Rfc8 19. Bc2 d5 20. cxd5 cxd5 21. Qxc7 Rxc7 22. Bb3 a4 23. Ba2 Kf8 24. exd5 Rc2 25. b3 Bxd5 26. Rd3 {Golsta,M (1967)-Bucur,D (2063) Tornelo INT 2020 0-1 (58)}) ({RR} 11... d6 12. h3 Nxd4 13. Qxd4 e5 14. Qc3 Be6 15. Bg5 Qe7 16. f4 h6 17. fxe5 dxe5 18. Bxf6 gxf6 19. Kh2 Kh7 20. Rf3 Rg8 21. Raf1 Rg6 22. c5 Rag8 23. R1f2 Qf8 24. b4 Qg7 25. Qd2 Rg3 26. Bf1 {Szikszai,B (2263)-Blokhin,S (1917) chess.com INT 2023 1-0 (57)}) 12. Bf4 d6 13. Bxe5 dxe5 14. Nf3 Nd7 15. Rfe1 b6 16. Rac1 Bb7 17. Bb1 Rac8 18. Re3 Rfd8 19. h4 f6 20. b4 Nb8 21. Qb3 Qe7 22. Rd3 Rxd3 23. Qxd3 Rd8 24. Qe3 Qc7 25. c5 bxc5 26. Rxc5 Qd6 27. Ba2 Nd7 28. Rc1 Nf8 29. h5 Qd3 30. Qb6 Bxe4 31. Bxe6+ Kh8 32. Bc4 Qd7 33. Bxa6 Bxf3 34. gxf3 Ne6 35. Bb5 Qe7 36. Ba6 f5 37. Qe3 Nf4 38. Bf1 Qg5+ 39. Kh2 Qxh5+ 40. Kg1 Qg5+ 41. Kh2 h6 42. b5 Qh4+ 43. Kg1 Rd6 44. Rc6 Rd1 0-1

[Event "45th FIDE Chess Olympiad - Women's Sect"]
[Site "Budapest, Hungary"]
[Date "2024.09.12"]
[Round "2.153"]
[White "Cori T., Deysi"]
[Black "Smith, Olivia"]
[Result "1-0"]
[WhiteElo "2366"]
[BlackElo "2087"]
[PlyCount "81"]
[EventDate "2024.??.??"]
[WhiteTeam "Peru"]
[BlackTeam "Wales"]
[WhiteTeamCountry "PER"]
[BlackTeamCountry "WLS"]
[WhiteClock "0:11:17"]
[BlackClock "0:00:32"]

1. Nf3 Nf6 2. g3 g6 3. Bg2 Bg7 4. O-O O-O 5. d4 d6 6. a4 Nc6 7. d5 ({RR} 7. Nc3 e5 8. dxe5 dxe5 9. Bg5 h6 10. Be3 Qe7 11. Qc1 Kh7 12. Rd1 Be6 13. a5 a6 14. Ne1 Rab8 15. Nd3 Nd7 16. Nd5 Bxd5 17. Bxd5 Nd4 18. Re1 e4 19. Nf4 c6 20. Ba2 Ne5 21. c3 {½-½ (21) Smyslov,V (2600)-Sax,G (2575) Graz 1984}) ({RR} 7. Re1 e5 8. d5 Nb4 9. e4 c6 10. c3 Na6 11. Na3 Nc5 12. Nh4 cxd5 13. exd5 Bg4 14. f3 Bd7 15. Nc4 b5 16. axb5 Bxb5 17. Bf1 Qd7 18. Na5 Bxf1 19. Rxf1 Nb7 20. Nc6 Nd8 21. Ra6 Nxc6 {Hoang Thanh Trang (2382)-Mgeladze,K (2094) Rhodes GRE 2024 ½-½ (60)}) 7... Nb4 8. Nc3 a5 $146 ({RR} 8... c6 9. e4 cxd5 10. exd5 Bf5 11. Nd4 Bg4 12. Qd2 Qd7 13. Re1 Rfe8 14. a5 Rac8 15. Bf1 a6 16. Bg2 Rc4 17. Nb3 Bf5 18. Ra4 Rxc3 19. bxc3 Nxc2 20. Rb4 Nxe1 21. Qxe1 Bh3 22. Bf3 Ng4 23. Nd4 {Simagin,V-Boleslavsky,I Moscow 1966 0-1 (37)}) ({RR} 8... e5 9. dxe6 fxe6 10. e4 e5 11. h3 a6 12. Qe2 Kh8 13. a5 Bd7 14. Be3 Qe7 15. Qd2 Nh5 16. Ne1 Rf7 17. Nd3 Nxd3 18. Nd5 Qd8 19. Qxd3 Be6 20. Qd2 Qd7 21. Kh2 Raf8 22. Ra3 Nf6 23. c4 {Bogdan,D (2380)-Grigore,G (2465) Predeal 1997 ½-½ (49)}) ({RR} 8... c6 9. e4 Bg4 10. h3 Bxf3 11. Bxf3 a5 12. Re1 Rc8 13. dxc6 bxc6 14. Ne2 Nd7 15. c3 Ne5 16. Bg2 Nbd3 17. Rf1 Nxc1 18. Qxc1 Qb6 19. Nd4 Rb8 20. b3 Nd7 21. Qd2 Bxd4 22. cxd4 Qb4 23. Rfd1 {Rut,V (2061)-Burdalev,K (2359) Chess.com INT 2021 0-1 (47)}) 9. Bg5 h6 10. Be3 Bf5 11. Nd4 Bd7 12. h3 c6 13. dxc6 bxc6 14. Qd2 Kh7 15. f4 Nfd5 16. Nxd5 Nxd5 17. Bf2 e5 18. Nxc6 Bxc6 19. Bxd5 Bxd5 20. Qxd5 exf4 21. gxf4 Qc8 22. Qd3 Bxb2 23. Rab1 Bc3 24. Rb5 Bb4 25. f5 Qc6 26. Rb6 Qc7 27. Qd5 Rab8 28. Rc6 Qe7 29. Bd4 Bc5 30. Bxc5 dxc5 31. fxg6+ fxg6 32. Rxf8 Rxf8 33. Qxc5 Qxc5+ 34. Rxc5 Rf4 35. Rxa5 Rc4 36. Ra7+ Kg8 37. a5 Rxc2 38. Kf2 Rc3 39. a6 Rxh3 40. Rb7 Ra3 41. a7 1-0